|
|
|
|
| LEADER |
00000naa2a2200000 4500 |
| 001 |
215658 |
| 005 |
20260105110545.0 |
| 035 |
|
|
|a (RuTPU)RU\TPU\book\235589
|
| 090 |
|
|
|a 215658
|
| 100 |
|
|
|a 20120515d2004 k y0rusy50 ca
|
| 101 |
0 |
|
|a rus
|
| 102 |
|
|
|a RU
|
| 200 |
1 |
|
|a МТС - повышение качества и сокращение сроков полевых работ
|f Н. А. Кириллов
|
| 461 |
|
1 |
|0 (RuTPU)RU\TPU\book\119005
|t Прогрессивные технологии и экономика в машиностроении
|o труды II Всероссийской научно-практической конференции, 29-30 апреля 2004 года, Юрга
|f Томский политехнический университет; Прогрессивные технологии и экономика в машиностроении; под ред. О. Ю. Ретюнского
|d 2004
|
| 463 |
|
0 |
|0 (RuTPU)RU\TPU\book\118383
|t Т. 1
|v С. 177-179
|d 2004
|
| 610 |
1 |
|
|a сельскохозяйственная техника
|
| 610 |
1 |
|
|a ремонтные работы
|
| 610 |
1 |
|
|a техническое обслуживание
|
| 610 |
1 |
|
|a машино-технологические станции
|
| 610 |
1 |
|
|a труды учёных ТПУ
|
| 700 |
|
1 |
|a Кириллов
|b Н. А.
|c российский учёный в области машиностроения
|c старший преподаватель Юргинского технологического института (филиал) Томского политехнического университета
|g Николай Александрович
|3 (RuTPU)RU\TPU\pers\25167
|
| 801 |
|
1 |
|a RU
|b 63413507
|c 20120515
|
| 942 |
|
|
|c BK
|